The noble scholar, jurist, historian


 His Excellency Dr. Abdul Wahhab bin Ibrahim Abu Sulaiman, may Allah have mercy on him.


 He was born in Umm Al-Qura in the year 1356 AH.

التبيان في أقسام القرآن / (Record no. 8594)

MARC details
000 -LEADER
fixed length control field 01270cam a2200289 i 4500
003 - CONTROL NUMBER IDENTIFIER
control field SA-RiAUC
005 - DATE AND TIME OF LATEST TRANSACTION
control field 20250601103009.0
008 - FIXED-LENGTH DATA ELEMENTS--GENERAL INFORMATION
fixed length control field 250529s1982 le g 00010 ara c
040 ## - CATALOGING SOURCE
Original cataloging agency SA-JeALM
Language of cataloging ara
Transcribing agency SA-RiAUC
Description conventions rda
082 04 - DEWEY DECIMAL CLASSIFICATION NUMBER
Classification number 221.1
090 ## - LOCALLY ASSIGNED LC-TYPE CALL NUMBER (OCLC); LOCAL CALL NUMBER (RLIN)
Classification number (OCLC) (R) ; Classification number, CALL (RLIN) (NR) 221.1
Local cutter number (OCLC) ; Book number/undivided call number, CALL (RLIN) ا ب ن ق
100 1# - MAIN ENTRY--PERSONAL NAME
Personal name ابن قيم الجوزية، محمد بن أبي بكر بن أيوب،
Dates associated with a name 691-751 هجري
Relator term مؤلف.
245 12 - TITLE STATEMENT
Title التبيان في أقسام القرآن /
Statement of responsibility, etc. تأليف محمد بن أبي بكر المعروف بابن القيم الجوزية ؛ صححه وعلق على هوامشه محمد حامد الفقي.
246 30 - VARYING FORM OF TITLE
Title proper/short title أقسام القرآن
264 #1 - PRODUCTION, PUBLICATION, DISTRIBUTION, MANUFACTURE, AND COPYRIGHT NOTICE
Place of production, publication, distribution, manufacture بيروت :
Name of producer, publisher, distributor, manufacturer دار المعرفة للطباعة والنشر والتوزيع،
Date of production, publication, distribution, manufacture, or copyright notice [بين 1900 و1999]
300 ## - PHYSICAL DESCRIPTION
Extent 431 صفحة ؛
Dimensions 20 سم
336 ## - CONTENT TYPE
Content type term نص
Content type code txt
Source rdacontent
Materials specified كتاب
337 ## - MEDIA TYPE
Media type term بدون وسيط
Media type code n
Source rdamedia
338 ## - CARRIER TYPE
Carrier type term مجلد
Carrier type code nc
Source rdacarrier
630 27 - SUBJECT ADDED ENTRY--UNIFORM TITLE
Uniform title القرآن
General subdivision أقسام
Source of heading or term aucut
630 27 - SUBJECT ADDED ENTRY--UNIFORM TITLE
Uniform title القرآن
General subdivision أقسام
Source of heading or term aucut
630 27 - SUBJECT ADDED ENTRY--UNIFORM TITLE
Uniform title القرآن
General subdivision سور وآيات
Source of heading or term aucut
700 1# - ADDED ENTRY--PERSONAL NAME
Personal name الفقي، محمد حامد،
Dates associated with a name 1892-1959
Relator term محقق.
730 22 - ADDED ENTRY--UNIFORM TITLE
Uniform title القرآن
942 ## - ADDED ENTRY ELEMENTS (KOHA)
Source of classification or shelving scheme Dewey Decimal Classification
Koha item type Books
Suppress in OPAC No
949 ## - LOCAL PROCESSING INFORMATION (OCLC)
a SA-JeALM
d 250529
u osman123
n 1
Holdings
Withdrawn status Lost status Source of classification or shelving scheme Damaged status Not for loan Home library Current library Date acquired Total checkouts Full call number Barcode Date last seen Price effective from Koha item type
    Dewey Decimal Classification     DR AbdElwahab Library DR AbdElwahab Library 06/01/2025   221.1 ا ب ن ق 000013826 06/01/2025 06/01/2025 Books